| 000 -CABECERA |
| campo de control de longitud fija |
00826nam a2200253 a 4500 |
| 001 - NÚMERO DE CONTROL |
| campo de control |
$$a0000030811 |
| 005 - FECHA Y HORA DE LA ÚLTIMA TRANSACCIÓN |
| campo de control |
20200120222206.0 |
| 008 - DATOS DE LONGITUD FIJA--INFORMACIÓN GENERAL |
| campo de control de longitud fija |
070926s1981 col0 gr0 000 d |
| 082 04 - NÚMERO DE LA CLASIFICACIÓN DECIMAL DEWEY |
| Número de clasificación |
924.61 |
| Número de documento/Ítem |
B25 |
| 245 10 - MENCIÓN DE TÍTULO |
| Título |
Bello en Colombia / |
| Mención de responsabilidad, etc. |
estudio y seleccion de : Rafael Torres Quintero. |
| 250 ## - MENCIÓN DE EDICIÓN |
| Mención de edición |
2a. ed. |
| 260 ## - PUBLICACIÓN, DISTRIBUCIÓN, ETC. |
| Lugar de publicación, distribución, etc. |
Bogota |
| Nombre del editor, distribuidor, etc. |
Instituto Caro y Cuervo |
| Fecha de publicación, distribución, etc. |
1981 |
| 300 ## - DESCRIPCIÓN FÍSICA |
| Extensión |
xlvi, 260 p. |
| 500 ## - NOTA GENERAL |
| Nota general |
Homenaje a Don Andrés Bello en el segundo centenario de su nacimiento |
| 500 ## - NOTA GENERAL |
| Nota general |
Ej.1 Calle 63, Ej.1 Roma, Donado en 2005 |
| 600 ## - PUNTO DE ACCESO ADICIONAL DE MATERIA--NOMBRE DE PERSONA |
| Nombre de persona |
BELLO, ANDRÉS |
| 650 14 - PUNTO DE ACCESO ADICIONAL DE MATERIA--TÉRMINO DE MATERIA |
| Término de materia o nombre geográfico como elemento de entrada |
BIOGRAFIAS |
| 650 14 - PUNTO DE ACCESO ADICIONAL DE MATERIA--TÉRMINO DE MATERIA |
| Término de materia o nombre geográfico como elemento de entrada |
LITERATURA VENEZOLANA |
| 650 14 - PUNTO DE ACCESO ADICIONAL DE MATERIA--TÉRMINO DE MATERIA |
| Término de materia o nombre geográfico como elemento de entrada |
CRITICA E INTERPRETACION |
| 650 14 - PUNTO DE ACCESO ADICIONAL DE MATERIA--TÉRMINO DE MATERIA |
| Término de materia o nombre geográfico como elemento de entrada |
HOMENAJES |
| 650 14 - PUNTO DE ACCESO ADICIONAL DE MATERIA--TÉRMINO DE MATERIA |
| Término de materia o nombre geográfico como elemento de entrada |
FILOLOGOS VENEZOLANOS |
| 700 1# - PUNTO DE ACCESO ADICIONAL--NOMBRE DE PERSONA |
| Nombre de persona |
Torres Quintero, Rafael, comp. |
| 901 ## - ELEMENTOS DE DATOS A LOCAL LDA (RLIN) |
| a |
Donación : Instituto Caro y Cuervo |